000 00506nam a22001817a 4500
999 _c178198
_d178198
005 20210322124813.0
010 _aENG- 129258
020 _c999.00
_a9789390380916
035 _aEN- 112790
037 _bDBAD/PUB
082 _a657.48
100 _aKAKU, ANAND V
245 _aFINANCIAL ACCOUNTING /
_cANAND V KAKU
260 _bBLUEROSE PUBLISHERS
_c2020
270 _k+91-8882898898
_minfo@bluerosepublishers.com
300 _aP. 13.43
_c27CM(PBK)
942 _2ddc
_cEN
_mKAK
_h657.48